000 00841nam a2200217Ia 4500
003 GCL
005 20240530103520.0
008 140319s9999 xx 000 0 ara d
020 _a8032502977
040 _aGCL /
_cGCL
082 0 4 _a953.0962
_bق/ك ج
100 1 _aكريسيليوس ، دانيال
245 1 0 _aجذور مصر الحديثة /
_cكريسيليوس ، دانيال ؛ عبدالوهاب بكر
260 _aالقاهرة :
_bمكتبة نهضة الشرق ،
_c1985
300 _a445 ص ؛
_c24 سم
650 0 4 _aالامبراطورية العثمانية - مصر
650 0 4 _aمصر - الاحوال العسكرية - العصر العثمانى
650 0 4 _aمصر - التنظيم الادارى - العصر العثمانى
700 1 _aعبدالوهاب بكر
_eمترجم
942 _2ddc
_cBK
999 _c40190
_d40190